000 00512nam a2200169 a 4500
001 42633
005 20180714020917.0
008 140415s1994 000 0 eng d
041 _aeng
082 _a604.7
_bCHE
100 1 _aCheremisinoff, Nicholas P.,.
245 1 0 _aTRANSPORTATION OF HAZARDOUS MATERIALS :
_bA GUIDE TO COMPLIANCE
250 _a1a ed.
260 _a[s.l.] :
_bNOYER PUBLICATIONS,
_c1994
300 _a262
650 1 4 _aSUSTANCIAS PELIGROSAS
_xESTADOS UNIDOS
_xTRANSPORTACION
999 _c42633
_d42633